Muḥādarāt al-udabā' wa-muḥaw̄arāt al-shuʻarā' wa-al-bulaghā' /
Main Author:
Format: Book
Language: Arabic
Published:
[Miṣr] :
al-Maṭbaʻah al-ʻĀmirah al-Sharafīyah,
1326 [1908].
Subjects:
Tags: Add Tag
Call Number: PJ7755 .R3 M8 1908 v.1-2
| LEADER | 02152nam a2200253Ia 4500 | ||
|---|---|---|---|
| 003 | OSt | ||
| 005 | 20231119104849.0 | ||
| 008 | 130303s1908 ua 000 0 ara d | ||
| 952 | |0 0 |1 0 |2 lcc |3 V.1 |4 0 |6 PJ7755 R3 M8 01908 V.00001-00002 |7 1 |9 56318 |a ARCE |b ARCE |d 2023-11-19 |l 0 |o PJ7755 .R3 M8 1908 v.1-2 |p 1023040 |r 2023-11-19 00:00:00 |w 2023-11-19 |y BK | ||
| 952 | |0 0 |1 0 |2 lcc |3 V.2 |4 0 |6 PJ7755 R3 M8 01908 V.00001-00002 |7 1 |9 62765 |a ARCE |b ARCE |d 2024-02-25 |l 0 |o PJ7755 .R3 M8 1908 v.1-2 |p 1023041 |r 2024-02-25 00:00:00 |w 2024-02-25 |y BK | ||
| 999 | |c 30238 |d 30238 | ||
| 040 | |c ARCE Library | ||
| 043 | |a aw----- |a ff----- |a e-sp--- | ||
| 050 | 4 | |a PJ7755 .R3 M8 1908 v.1-2 | |
| 100 | 1 | |6 880-01 |a Rāghib al-Iṣfahānī, Abū al-Qāsim al-Ḥusayn ibn Muḥammad, |d -1108 or 1109, |e author | |
| 245 | 1 | 0 | |6 880-02 |a Muḥādarāt al-udabā' wa-muḥaw̄arāt al-shuʻarā' wa-al-bulaghā' / |c li-Abī al-Qāsim Ḥusayn ibn Muḥammad al-maʻrūf bi-al-Rāghib al-Iṣbaḥānī. |
| 264 | 1 | |a [Miṣr] : |b al-Maṭbaʻah al-ʻĀmirah al-Sharafīyah, |c 1326 [1908]. | |
| 300 | |a 2 volumes in 1 ; |c 28 cm. | ||
| 650 | 0 | |a Anecdotes |z Islamic Empire |v Early works to 1800. | |
| 650 | 0 | |a Arabic literature |x Anecdotes |v Early works to 1800. | |
| 880 | 1 | |6 100-01/(3/r |a راغب الأصفهاني، أبو القاسم الحسين بن محمد، |d -1108 أو 1109. | |
| 880 | 1 | 0 | |6 245-02/(3/r |a محاضرات الأدباء و محاورات الشعراء و البلغاء |c لأبي القاسم حسين بن محمد المعروف بالراغب الاصبهاني |
| 901 | |a reviewed | ||
| 942 | |c BK |2 lcc | ||
